Statistiche per Quale Stato nella Seconda Guerra Mondiale...?

Clicka qui per fare il quiz!

Statistiche generali

  • Questo quiz è stato fatto 213 volte
  • Il punteggio medio è 11 su 20

Statistiche sulle risposte

IndizioRisposta% Corretto
Benito Mussolini ne era il leaderItalia
100%
Nazione invasa dalla Germania il 1° Settembre del 1939, evento considerato come l'inizio ufficiale della guerra
Polonia
92%
Annessa dalla Germania con l'"Anschluss" del 1938Austria
84%
Produsse il più grande numero di veicoli, aeroplani e navi di ogni altro PaeseStati Uniti
84%
Nel conflitto persero 10 milioni di militari, più di ogni altra NazioneUnione Sovietica
84%
Dove Anne Frank e la sua famiglia si rifugiarono in un atticoPaesi Bassi
83%
La sua regione dei Sudeti fu ceduta alla Germania nel 1938 nella Conferenza di Monaco
Cecoslovacchia
69%
Il suo leader disse di voler combattere "sulle spiagge" se necessarioRegno Unito
66%
Dove i carri armati di Rommel furono definitivamente respinti nella seconda battaglia di El Alamein
Egitto
61%
Alcuni soldati di questo paese hanno continuato a nascondersi nella giungla e a combattere molto tempo dopo che la guerra finì. L'ultimo si arrese nel 1974.
Giappone
57%
Paese che i sovietici tentarono di conquistare, senza riuscirci, durante la Guerra d'Inverno del 1939-1940Finlandia
56%
Ha prodotto il primo aereo da combattimento a reazione mai visto in azioneGermania
45%
Paese insulare che è stato occupato da Regno Unito, Stati Uniti e Canada per impedire che cadesse nelle mani dei tedeschi
Islanda
40%
Paese asiatico che ha ospitato il primo incontro dei "tre grandi" leader alleati nel 1943Iran
32%
Paese insulare sotto il dominio britannico che i nazisti tentarono, ma fallirono, di sottomettere con i bombardamenti
Malta
31%
Anche se ufficialmente neutrali, i volontari della "Divisione Blu" di questo paese
hanno combattuto con i tedeschi
Spagna
28%
Il generale MacArthur fuggì da questo paese nel 1942 ma vi tornò nel 1944Filippine
25%
Sito delle invasioni alleate durante l'operazione Torch alla fine del 1942
Algeria /
Marocco
12%
Dove 80.000 truppe britanniche e alleate si arresero ai giapponesi nel 1942 nonostante
ricevere l'ordine di combattere fino all'ultimo uomo
Singapore
11%
Una famosa via di terra attraverso questo paese ha permesso agli Alleati di rifornire la Cina
Myanmar
6%

Distribuzione punteggi

Percentile per numero di risposta

Percentuale di utenti per punteggio

I tuoi punteggi nel tempo

Non hai fatto questo quiz